| 000 | 00414ntaaa2200181 4500 | ||
|---|---|---|---|
| 003 | 01 | ||
| 005 | 20251027202922.0 | ||
| 008 | 0714s1973 ag 01 | ||
| 040 |
_aAR-BaBN _bspa _cAR-BaBN _eaacr _dRIC |
||
| 082 | _a922.0000 V17 | ||
| 100 |
_aVago, Ismael A _916173 |
||
| 245 | _aMorris | ||
| 250 | _a1 ed. | ||
| 260 |
_aBuenos Aires : _bAurora, _cc1947 |
||
| 300 | _a134 p | ||
| 650 |
_aMorris _929712 |
||
| 942 | _cBK | ||
| 999 |
_c24441 _d24441 |
||